000 00436nam a2200181Ia 4500
001 1868
005 20260306143800.0
008 260306t2010||||xx |||||||||||||| ||spa||
041 _aESP
082 _a155.937
_bU831
100 _aUgarte Cornejo, Manuel
_eAUT
245 0 _aEl duelo:
_bcómo renovar la esperanza
260 _c2010
300 _a96 páginas :
_c21 cm.
650 _aGEN
654 _aCPS
942 _cLIB
_dJUS
_fJUS
_2ddc
_n
999 _c1868
_d1868